000 00809nam a2200181Ia 4500
008 151202s9999||||xx |||||||||||||| ||und||
082 _bPNVM-67925
100 _aपंडित श्रीनिवास - संपा / पंडित राजीव - संकलन.
245 _aनिसर्गपूर्ण.
260 _b"ऊर्जा प्रकाशन,पुणे."
260 _c67925
300 _a252
600 _aपंडित श्रीनिवास - संपा / पंडित राजीव - संकलन.
630 _aनिसर्गपूर्ण.
700 _aपंडित श्रीनिवास - संपा / पंडित राजीव - संकलन.
730 _aनिसर्गपूर्ण.
942 _cBOOK
999 _c1334435
_d1334432